| 000 | 00885nas a2200277 4500 | ||
|---|---|---|---|
| 001 | BR2014005641 | ||
| 003 | BR-BrBNA | ||
| 005 | 20231205124455.0 | ||
| 007 | ta | ||
| 008 | 230509b bl.|||p| |||| 00| 00por d | ||
| 040 |
_aBR-BrBNA _bpor _cBiblioteca Nacional de Agricultura |
||
| 041 | _a(Pt) | ||
| 072 | _aN10 | ||
| 100 | 1 | _aOliveira, C.E.G. | |
| 100 | 1 | _aMartin, S. | |
| 100 | 1 | _aZanatta, F.L. | |
| 100 | 1 | _aRibeiro, A.C.F. | |
| 100 | 1 | _aDamasceno, F.A. | |
| 245 | 1 | _aCaracterísticas arquitetônicas e tecnológicas de galpões para criação de frangos de corte no Distrito Federal | |
| 650 | _aFRANGO DE CORTE | ||
| 650 | _aAVICULTURA | ||
| 650 | _aINSTALAÇÃO PARA ANIMAL | ||
| 773 | 0 |
_tEngenharia na Agricultura (Brazil) _xISSN 1414-3984 _g(Mar-Apr 2014), v. 22(2) p. 162-171 _wBR2014005641 |
|
| 909 |
_a202311 _bLúcia _c55 _dLúcia Elande |
||
| 942 |
_2AGRIS _n0 _cANA |
||
| 999 |
_c239261 _d239261 |
||